Flagi państw uczestniczących w Euro 2024 - Statystyki

Ogólne statystyki
  • Ten quiz został rozwiązany 257 razy
  • Średni wynik to 23 z 24
Statystyki odpowiedzi
Obrazkowy Odpowiedź % Poprawnych
Francja
100%
Niderlandy
100%
Niemcy
100%
Hiszpania
99%
Anglia
98%
Belgia
98%
Gruzja
98%
Polska
98%
Portugalia
98%
Szwajcaria
98%
Turcja
98%
Włochy
98%
Albania
97%
Austria
97%
Chorwacja
97%
Czechy
97%
Dania
97%
Rumunia
97%
Szkocja
97%
Węgry
97%
Ukraina
96%
Serbia
95%
Słowacja
95%
Słowenia
95%
Nie znaleziono quizów pasujących do podanych kryteriów
Rozkład punktacji
Procent ludzi z każdym wynikiem
Percentyl według liczby udzielonych odpowiedzi
Twoja historia wyników
Nie rozwiązałeś tego quizu